| 000 | 01031nam a22002657a 4500 | ||
|---|---|---|---|
| 005 | 20251021073841.0 | ||
| 008 | 251021t ||||| |||| 00| 0 spa d | ||
| 020 | _a9789586768320 | ||
| 040 |
_aCO-BoUCM _cDavid Moreno _dDavid Moreno |
||
| 041 | _aspa | ||
| 100 | 1 |
_aOrtiz Peralta, José Omar _9187028 |
|
| 245 | 1 | 0 |
_aLas pruebas en materia disciplinaria _cJosé Omar Ortiz Peralta y Jaime Mejía Ossman |
| 250 | _a1a.Ed | ||
| 260 |
_aBogotá, Colombia _bDoctrina y Ley _c2023 |
||
| 300 | _a265 Páginas | ||
| 490 | 1 | _aColección Temas Disciplinarios | |
| 500 | _aIncluye referencias a la Ley 1952 de 2019, Ley 2094 de 2021 y Sentencia 030 de 2023. | ||
| 650 | 1 | 4 |
_aDerecho disciplinario _zColombia _9105425 |
| 650 | 1 | 4 |
_aPrueba (Derecho) _zColombia _931009 |
| 650 | 1 | 4 |
_aProcedimiento disciplinario _zColombia _9185563 |
| 650 | 1 | 4 |
_aAdministración pública _xAspectos jurídicos _9177292 |
| 700 | 1 |
_aMejía Ossman, Jaime _942309 |
|
| 942 |
_2DEWEY _a8 _cLIBRO _e1 _h347.06 _mO77p _n0 |
||
| 999 |
_c325794 _d325794 |
||